Tín ngưỡng Hai Bà Trưng ở vùng châu thổ sông Hồng

Tổng quan tình hình sưu tầm, nghiên cứu về Hai Bà Trưng và vùng châu thổ sông Hồng. Hai Bà Trưng trong thư tịch và tâm thức dân gian người Việt. Tín ngưỡng Hai Bà Trưng ở 4 làng Hạ Lôi, Hát Môn, Đồng Nhân, Phụng Công và vùng lan toả. Bản chất và con đường chuyển hoá của tín ngưỡng Hai Bà Trưng ở châ...

Cur síos iomlán

Đã lưu trong:
Sonraí Bibleagrafaíochta
Príomhúdar: Phạm Lan Oanh
Formáid: Leabhar
Teanga:Vietnamese
Foilsithe: H. Khoa học xã hội 2010
Ábhair:
Clibeanna: Cuir Clib Leis
Gan Chlibeanna, Bí ar an gcéad duine leis an taifead seo a chlibeáil!
Thư viện lưu trữ: Mạng thư viện Đại học Đà Nẵng
LEADER 01810aam a22003738a 4500
001 000007051
003 3212
005 20111014071043.0
008 110926s2010 viesd
020 |d 2000b 
041 0 |a vie 
082 1 4 |2 14  |a 398.095973  |b PH-O 
100 1 |a Phạm Lan Oanh 
245 1 0 |a Tín ngưỡng Hai Bà Trưng ở vùng châu thổ sông Hồng  |c Phạm Lan Oanh 
260 |a H.  |b Khoa học xã hội  |c 2010 
300 |a 390tr.  |b ảnh, bảng  |c 21cm 
500 |a ĐTTS ghi: Hội Văn nghệ dân gian Việt Nam 
504 |a Thư mục: tr. 251-268. - Phụ lục: tr. 269-386 
520 |a Tổng quan tình hình sưu tầm, nghiên cứu về Hai Bà Trưng và vùng châu thổ sông Hồng. Hai Bà Trưng trong thư tịch và tâm thức dân gian người Việt. Tín ngưỡng Hai Bà Trưng ở 4 làng Hạ Lôi, Hát Môn, Đồng Nhân, Phụng Công và vùng lan toả. Bản chất và con đường chuyển hoá của tín ngưỡng Hai Bà Trưng ở châu thổ sông Hồng 
600 1 7 |2 Bé TK TVQG  |a Trưng Trắc  |c Thủ lĩnh khởi nghĩa  |y ? - 43  |z Việt Nam 
650 7 |2 Bộ TK TVQG  |a Văn hoá dân gian 
650 7 |2 Bộ TK TVQG  |a Tín ngưỡng 
650 7 |2 Bộ TK TVQG  |a Đồng bằng sông Hồng 
653 |a Trưng Nhị, ? - 43, Thủ lĩnh khởi nghĩa, Việt Nam 
OWN |a LSP 
AVA |a UDN50  |b LSP  |d 398.095973 PH-O  |e available  |t Error 5001 Not defined in file expand_doc_bib_avail.  |f 1  |g 0  |h N  |i 0  |k 1 
999 |a From the UDN01 
AVA |a UDN50  |b LSP  |d 398.095973 PH-O  |e available  |t Error 5001 Not defined in file expand_doc_bib_avail.  |f 1  |g 0  |h N  |i 0  |k 1 
TYP |a Monograph 
TYP |a Printed language 
980 |a Mạng thư viện Đại học Đà Nẵng